Neuromechanical Modeling of Posture and Locomotion (Registro nro. 227304)

MARC details
000 -LIDER
fixed length control field 03946nam a22005055i 4500
001 - NÚMERO DE CONTROL
control field 978-1-4939-3267-2
003 - IDENTIFICADOR DEL NÚMERO DE CONTROL
control field DE-He213
005 - FECHA Y HORA DE LA ULTIMA TRANSACCIÓN
control field 20180206183109.0
007 - CAMPO FIJO DE DESCRIPCION FIJA-- INFORMACION GENERAL
fixed length control field cr nn 008mamaa
008 - ELEMENTOS DE LONGITUD FIJA -- INFORMACIÓN GENERAL
fixed length control field 151230s2016 xxu| s |||| 0|eng d
020 ## - NÚMERO INTERNACIONAL NORMALIZADO PARA LIBROS
International Standard Book Number 9781493932672
-- 978-1-4939-3267-2
050 #4 - SIGNATURA TOPOGRAFICA DE LA BIBLIOTECA DEL CONGRESO
Classification number RC321-580
072 #7 - CODIGO DE CATEGORIA TEMATICA
Subject category code PSAN
Source bicssc
072 #7 - CODIGO DE CATEGORIA TEMATICA
Subject category code MED057000
Source bisacsh
082 04 - NUMERO DE CLASIFICACION DECIMAL DEWEY
Classification number 612.8
Edition number 23
245 10 - MENCION DE TITULO
Title Neuromechanical Modeling of Posture and Locomotion
Medium [recurso electrónico] /
Statement of responsibility, etc. edited by Boris I. Prilutsky, Donald H. Edwards.
264 #1 -
-- New York, NY :
-- Springer New York :
-- Imprint: Springer,
-- 2016.
300 ## - DESCRIPCION FISICA
Extent XI, 368 p. 116 illus., 52 illus. in color.
Other physical details online resource.
336 ## -
-- text
-- txt
-- rdacontent
337 ## -
-- computer
-- c
-- rdamedia
338 ## -
-- online resource
-- cr
-- rdacarrier
347 ## -
-- text file
-- PDF
-- rda
490 1# - MENCION DE SERIE
Series statement Springer Series in Computational Neuroscience,
International Standard Serial Number 2197-1900
505 0# - NOTA DE CONTENIDO CON FORMATO PREESTABLECIDO
Formatted contents note Preface -- Better science through predictive modeling: Numerical tools for understanding neuromechanical interactions -- A neuromechanical model of spinal control of locomotion -- Neural regulation of limb mechanics: Insights from the organization of proprioceptive circuits -- Model-based approaches to understanding musculoskeletal filtering of neural signals -- Modeling the organization of spinal cord neural circuits controlling two-joint muscles -- Muscles: non-linear transformers of motor neuron activity -- Why is neuromechanical modeling of balance and locomotion so hard? -- Neuromusculoskeletal modeling for the adaptive control of posture during locomotion -- Model-based interpretations of experimental data related to the control of balance during stance and gait in humans -- Computing motion dependent afferent activity during cat locomotion using a forward dynamics musculoskeletal model -- Modeling and optimality analysis of pectoral fin locomotion -- Control of cat walking and paw-shake by a multifunctional central pattern generator.
520 ## - NOTA DE RESUMEN, ETC.
Summary, etc. For over a century, research has yielded enormous amounts of quantitative information about animal motor systems. Yet our understanding of neural control mechanisms of animal balance and locomotion remains cursory and fragmented. This book aims to change that. This is the first book on neuromechanical modeling, a tool that integrates the massive body of knowledge in computational models and complex motor behaviors to reveal the mechanisms by which these behaviors emerge. The majority of research groups working in this area have contributed chapters to this book. The book covers a wide range of topics from theoretical studies linking the organization of spinal reflex pathways and central pattern generating circuits with morphology and mechanics of the musculoskeletal system, to detailed neuromechanical models of balance and locomotor control, to analyses of nonlinear transformations of neural signals by the musculoskeletal system. This book can be used as an introductory guide to this new and exciting area of computational neuroscience research..
650 #0 - ASIENTO SECUNDARIO DE MATERIA - TERMINO TEMATICO
Término temático o nombre geográfico como elemento de entrada Medicine.
650 #0 - ASIENTO SECUNDARIO DE MATERIA - TERMINO TEMATICO
Término temático o nombre geográfico como elemento de entrada Neurosciences.
650 #0 - ASIENTO SECUNDARIO DE MATERIA - TERMINO TEMATICO
Término temático o nombre geográfico como elemento de entrada Neurobiology.
650 #0 - ASIENTO SECUNDARIO DE MATERIA - TERMINO TEMATICO
Término temático o nombre geográfico como elemento de entrada Neural networks (Computer science).
650 14 - ASIENTO SECUNDARIO DE MATERIA - TERMINO TEMATICO
Término temático o nombre geográfico como elemento de entrada Biomedicine.
650 24 - ASIENTO SECUNDARIO DE MATERIA - TERMINO TEMATICO
Término temático o nombre geográfico como elemento de entrada Neurosciences.
650 24 - ASIENTO SECUNDARIO DE MATERIA - TERMINO TEMATICO
Término temático o nombre geográfico como elemento de entrada Mathematical Models of Cognitive Processes and Neural Networks.
650 24 - ASIENTO SECUNDARIO DE MATERIA - TERMINO TEMATICO
Término temático o nombre geográfico como elemento de entrada Neurobiology.
700 1# - ASIENTO SECUNDARIO - NOMBRE PERSONAL
Personal name Prilutsky, Boris I.
Relator term editor.
700 1# - ASIENTO SECUNDARIO - NOMBRE PERSONAL
Personal name Edwards, Donald H.
Relator term editor.
710 2# - ASIENTO SECUNDARIO - NOMBRE CORPORATIVO
Corporate name or jurisdiction name as entry element SpringerLink (Online service)
773 0# - ASIENTO DE ITEM FUENTE
Title Springer eBooks
776 08 - ASIENTO DE SOPORTE FISICO ADICIONAL
Relationship information Printed edition:
International Standard Book Number 9781493932665
830 #0 - ASIENTO SECUNDARIO DE SERIE--TITULO UNIFORME
Uniform title Springer Series in Computational Neuroscience,
-- 2197-1900
856 40 - LOCALIZACION Y ACCESO ELECTRONICOS
Public note Libro electrónico
Uniform Resource Identifier http://148.231.10.114:2048/login?url=http://dx.doi.org/10.1007/978-1-4939-3267-2
912 ## -
-- ZDB-2-SBL
942 ## - ADDED ENTRY ELEMENTS (KOHA)
Koha item type Libro Electrónico
Existencias
Estado de retiro Colección Ubicación permanente Ubicación actual Fecha de ingreso Total Checkouts Date last seen Número de copia Tipo de material
  Colección de Libros Electrónicos Biblioteca Electrónica Biblioteca Electrónica 06/02/2018   06/02/2018 1 Libro Electrónico

Con tecnología Koha